Marcas de motos mas populares - Estadísticas

Estadísticas generales
  • Esta prueba ha sido intentada 346 veces
  • La puntuación promedio es 9 de 17
Estadísticas de respuestas
País donde se originó Marca % Correcto
Japón Honda
90%
Japón Yamaha
88%
Japón Kawasaki
82%
Italia Ducati
80%
Japón Suzuki
80%
Alemania BMW
73%
Austria KTM
71%
Estados Unidos Harley Davidson
64%
Italia Aprilia
56%
Reino Unido Triumph
37%
España Derbi
34%
Suecia Husqvarna
25%
España Rieju
22%
Italia Benelli
21%
Italia Piaggio
21%
Italia Mv Augusta
15%
Reino Unido Royal Enfield
11%
No se encontraron pruebas coincidentes
Distribución de puntuación
Porcentaje de gente con cada puntuación
Porcentaje por número respondido
Historial de tus puntuaciones
No has intentado esta prueba.